[Event "FRM-ch U18"]
[Site "Struga"]
[Date "2022.06.23"]
[Round "6"]
[White "Fetai, Kasif"]
[Black "Zvezdakoski, Matej"]
[Result "0-1"]
[WhiteElo "1330"]
[BlackElo "1871"]
[PlyCount "46"]
[EventDate "2022.06.18"]
[EventType "swiss"]
[EventRounds "7"]
[EventCountry "MKD"]
[SourceTitle "EXT 2023"]
[Source "ChessBase"]
[SourceDate "2022.10.05"]
[SourceVersion "1"]
[SourceVersionDate "2022.10.05"]
[SourceQuality "1"]

1. e4 e5 2. Nf3 Nc6 3. Bc4 Nf6 4. Nc3 Nxe4 5. Nxe4 d5 6. Bd3 dxe4 7. Bxe4 Bc5 8. d3 0-0 9. 0-0 Qe7 10. h3 Bd7 11. Be3 Bd6 12. c3 f5 13. Bd5+ Kh8 14. Bg5 Qe8 15. Bd2 Qh5 16. Nh2 Qg6 17. f4 Rad8 18. Qf3 e4 19. Qe2 Qg3 20. Qf2 Qxd3 21. Bxc6 Bxc6 22. Qe3 Qd5 23. Rad1 Bc5 0-1

[Event "FRM-ch U18"]
[Site "Struga"]
[Date "2022.06.18"]
[Round "1"]
[White "Velkoski, Stojan"]
[Black "Fetai, Kasif"]
[Result "1-0"]
[WhiteElo "1923"]
[BlackElo "1330"]
[PlyCount "33"]
[EventDate "2022.06.18"]
[EventType "swiss"]
[EventRounds "7"]
[EventCountry "MKD"]
[SourceTitle "EXT 2023"]
[Source "ChessBase"]
[SourceDate "2022.10.05"]
[SourceVersion "1"]
[SourceVersionDate "2022.10.05"]
[SourceQuality "1"]

1. e4 e5 2. Nf3 Nc6 3. Nc3 Bc5 4. Nxe5 Nxe5 5. d4 Bd6 6. dxe5 Bxe5 7. Qd3 Qf6 8. Nd5 Qc6 9. f4 Bd6 10. Be3 Ne7 11. Be2 f5 12. Bf3 Bc5 13. Nxe7 Bxe7 14. exf5 Qd6 15. Bh5+ g6 16. fxg6 Qxd3 17. g7+ 1-0